Statistics for mars quiz

Click here to take the quiz!

General Stats

  • This quiz has been taken 3 times
  • The average score is 9 of 10

Answer Stats

QuestionAnswer% Correct
which of the following planets is NOT part of the inner solar system with marssaturn
100%
mars is sometimes known as thisred planet
100%
this month of the year is named after marsmarch
100%
mars is the -------------- planet from the sunfourth
100%
true or false there is no water on Mars now, but there may have been water on the planet a long time agotrue
100%
which of the following words can best describe marsall of the above
100%
how many moons does mars have2
100%
true or false there has never been a spacecraft that successfully landed marsfalse
100%
which of the following is a true statement of marsit is the seventh largest of the EIGHT planets
67%
what can be found on both poles of marsice caps
33%

Score Distribution

Percentile by Number Answered

Percent of People with Each Score

Your Score History

You have not taken this quiz